[Event "Regionalliga SW 0708"]
[Site "Bayern"]
[Date "2008.02.17"]
[Round "6.7"]
[White "Beckers, Thomas"]
[Black "Volshanik, Leonid"]
[Result "1/2-1/2"]
[WhiteElo "1965"]
[BlackElo "1986"]
[PlyCount "76"]
[EventDate "2007.10.21"]
[EventType "team-tourn"]
[EventRounds "9"]
[EventCountry "GER"]
[SourceTitle "EXT 2009"]
[Source "ChessBase"]
[SourceDate "2008.11.26"]
[SourceVersion "1"]
[SourceVersionDate "2008.11.26"]
[SourceQuality "1"]
[WhiteTeam "Zugzwang MSA"]
[BlackTeam "Muenchen Schwabing"]
[WhiteTeamCountry "GER"]
[BlackTeamCountry "GER"]

1. d4 d5 2. Nf3 e6 3. c4 Nf6 4. Nc3 c5 5. e3 Nc6 6. Bd3 Bd6 7. 0-0 0-0 8. b3 b6 9. Bb2 Bb7 10. Rc1 cxd4 11. exd4 Rc8 12. cxd5 exd5 13. Bf5 Ra8 14. Re1 Ne7 15. Bb1 Rc8 16. Ne5 Re8 17. Qf3 Ng6 18. Nxg6 hxg6 19. Bd3 a6 20. Kf1 Rxe1+ 21. Rxe1 Bb4 22. Rc1 Qe7 23. Qe2 Qd6 24. Qe5 Qxe5 25. dxe5 Ng4 26. f4 Nxh2+ 27. Ke2 Ng4 28. Na4 Rxc1 29. Bxc1 b5 30. Nb6 Bc5 31. Nd7 Ba7 32. b4 Bc6 33. Nc5 Bxc5 34. bxc5 a5 35. a3 Kf8 36. Bd2 a4 37. Bc3 Ke7 38. Bd4 Nh6 1/2-1/2

[Event "Landesliga Sued 0405"]
[Site "Bayern"]
[Date "2004.12.12"]
[Round "4.5"]
[White "Schuetz, Guenter"]
[Black "Volshanik, Leonid"]
[Result "1/2-1/2"]
[WhiteElo "2110"]
[BlackElo "2029"]
[PlyCount "101"]
[EventDate "2004.10.24"]
[EventType "team-tourn"]
[EventRounds "9"]
[EventCountry "GER"]
[SourceTitle "EXT 2007"]
[Source "ChessBase"]
[SourceDate "2006.11.23"]
[SourceVersion "1"]
[SourceVersionDate "2006.11.23"]
[SourceQuality "1"]
[WhiteTeam "Bayern Muenchen II"]
[BlackTeam "Muenchen Schwabing/Nord"]
[WhiteTeamCountry "GER"]
[BlackTeamCountry "GER"]

1. f4 e5 2. fxe5 d6 3. Nf3 g5 4. d4 g4 5. Bg5 Be7 6. Bxe7 Nxe7 7. exd6 Qxd6 8. Ne5 Qb4+ 9. Nc3 f6 10. Nd3 Qxd4 11. e4 Bd7 12. Be2 Qe3 13. Rf1 Rf8 14. Nf4 c6 15. Qd6 Na6 16. Qxe7+ Kxe7 17. Ncd5+ cxd5 18. Nxd5+ Kf7 19. Nxe3 h5 20. 0-0-0 Be6 21. Bc4 Bxc4 22. Nxc4 Kg6 23. Rd6 Rad8 24. e5 Rxd6 25. Nxd6 Nc5 26. b4 Ne6 27. Rxf6+ Rxf6 28. exf6 Kxf6 29. Kd2 Nd8 30. Ke3 Ke5 31. Ne4 b5 32. h4 gxh3 33. gxh3 Nc6 34. c3 Ne7 35. Ng3 Nd5+ 36. Kd2 h4 37. Ne2 Ke4 38. Nd4 a6 39. Ne6 Kf3 40. Kd3 Kg3 41. Kd4 Nf6 42. Ng5 Kf4 43. Nf7 Kg3 44. Ke5 Nd7+ 45. Ke6 Nb6 46. Ng5 Na4 47. Ke5 Nxc3 48. Ne4+ Nxe4 49. Kxe4 Kxh3 50. Kf3 Kh2 51. Kf2 1/2-1/2

[Event "Landesliga Sued 0405"]
[Site "Bayern"]
[Date "2004.11.28"]
[Round "3.7"]
[White "Volshanik, Leonid"]
[Black "Gergen, Harald"]
[Result "1/2-1/2"]
[WhiteElo "2029"]
[BlackElo "2013"]
[PlyCount "32"]
[EventDate "2004.10.24"]
[EventType "team-tourn"]
[EventRounds "9"]
[EventCountry "GER"]
[SourceTitle "EXT 2007"]
[Source "ChessBase"]
[SourceDate "2006.11.23"]
[SourceVersion "1"]
[SourceVersionDate "2006.11.23"]
[SourceQuality "1"]
[WhiteTeam "Muenchen Schwabing/Nord"]
[BlackTeam "Kriegshaber SK"]
[WhiteTeamCountry "GER"]
[BlackTeamCountry "GER"]

1. d4 d5 2. c4 e6 3. Nf3 Nf6 4. e3 c6 5. Nc3 Nbd7 6. Bd3 dxc4 7. Bxc4 b5 8. Bd3 a6 9. 0-0 c5 10. b3 Bb7 11. Bb2 Bd6 12. Qe2 0-0 13. Rfd1 Qe7 14. Rac1 Rfd8 15. Bb1 e5 16. dxc5 Nxc5 1/2-1/2

[Event "Regionalliga SW 0203"]
[Site "Bayern"]
[Date "2003.02.23"]
[Round "7.3"]
[White "Volshanik, Leonid"]
[Black "Hittinger, Christian"]
[Result "1/2-1/2"]
[WhiteElo "1989"]
[BlackElo "1991"]
[PlyCount "42"]
[EventDate "2002.10.20"]
[EventType "team"]
[EventRounds "9"]
[EventCountry "GER"]
[SourceTitle "EXT 2004"]
[Source "ChessBase"]
[SourceDate "2003.11.25"]
[SourceVersion "1"]
[SourceVersionDate "2003.11.25"]
[SourceQuality "1"]
[WhiteTeam "Muenchen 77 Nord"]
[BlackTeam "Muenchen Suedost"]
[WhiteTeamCountry "GER"]
[BlackTeamCountry "GER"]

1. d4 d5 2. c4 dxc4 3. Nf3 Nf6 4. e3 e6 5. Bxc4 a6 6. 0-0 c5 7. Qe2 Nbd7 8. Rd1 Qc7 9. Nc3 b5 10. Bb3 Bb7 11. d5 exd5 12. Nxd5 Nxd5 13. Bxd5 Bxd5 14. Rxd5 Be7 15. e4 0-0 16. e5 Nb6 17. Rd1 Rad8 18. Bf4 Rxd1+ 19. Rxd1 Rd8 20. h3 Rxd1+ 21. Qxd1 Qd8 1/2-1/2

[Event "Regionalliga SW 0203"]
[Site "Bayern"]
[Date "2003.02.09"]
[Round "6.5"]
[White "Tudosa, Daniel"]
[Black "Volshanik, Leonid"]
[Result "0-1"]
[WhiteElo "2052"]
[BlackElo "1989"]
[PlyCount "134"]
[EventDate "2002.10.20"]
[EventType "team"]
[EventRounds "9"]
[EventCountry "GER"]
[SourceTitle "EXT 2004"]
[Source "ChessBase"]
[SourceDate "2003.11.25"]
[SourceVersion "1"]
[SourceVersionDate "2003.11.25"]
[SourceQuality "1"]
[WhiteTeam "Tuerkheim"]
[BlackTeam "Muenchen 77 Nord"]
[WhiteTeamCountry "GER"]
[BlackTeamCountry "GER"]

1. d4 Nf6 2. c4 e6 3. Nf3 d5 4. Nc3 Be7 5. e3 Nbd7 6. Be2 b6 7. 0-0 0-0 8. Qc2 Bb7 9. Rd1 Rc8 10. Qa4 a6 11. Bd2 c5 12. cxd5 exd5 13. Be1 b5 14. Qb3 c4 15. Qc2 Qc7 16. Rac1 b4 17. Nb1 Bd6 18. h3 g6 19. Nbd2 Rfe8 20. Ng5 h6 21. Ngf3 Qd8 22. Nh4 Kg7 23. Ndf3 Ne4 24. g3 a5 25. Nh2 Qe7 26. Bg4 Ra8 27. Bf5 Nf8 28. Kg2 Bc8 29. Bxe4 Qxe4+ 30. Qxe4 Rxe4 31. Bd2 Bd7 32. f3 Ree8 33. f4 Rac8 34. N4f3 f6 35. g4 g5 36. f5 Rc7 37. h4 Rec8 38. hxg5 hxg5 39. Nf1 Ba4 40. Ng3 Bxd1 41. Nh5+ Kf7 42. Rxd1 c3 43. bxc3 bxc3 44. Bc1 c2 45. Rh1 Ba3 46. Nd2 Bxc1 47. Rxc1 a4 48. e4 Nd7 49. Ng3 Rb8 50. exd5 Rb2 51. a3 Rb3 52. Nge4 Rxa3 53. Nd6+ Kf8 54. Nb5 Rd3 55. Nxc7 Rxd2+ 56. Kf3 Ke7 57. Nb5 Nb6 58. d6+ Kd7 59. Ke3 Nc4+ 60. Ke4 Nxd6+ 61. Nxd6 Kxd6 62. Ke3 Rg2 63. Kf3 Rd2 64. Ke3 Rh2 65. Ke4 a3 66. Ra1 Rd2 67. Rc1 a2 0-1

[Event "Regionalliga SW 0203"]
[Site "Bayern"]
[Date "2002.10.20"]
[Round "1.5"]
[White "Katzameyer, Michael"]
[Black "Volshanik, Leonid"]
[Result "1-0"]
[WhiteElo "2062"]
[BlackElo "2005"]
[PlyCount "141"]
[EventDate "2002.10.20"]
[EventType "team"]
[EventRounds "9"]
[EventCountry "GER"]
[SourceTitle "EXT 2004"]
[Source "ChessBase"]
[SourceDate "2003.11.25"]
[SourceVersion "1"]
[SourceVersionDate "2003.11.25"]
[SourceQuality "1"]
[WhiteTeam "Muenchen RTA"]
[BlackTeam "Muenchen 77 Nord"]
[WhiteTeamCountry "GER"]
[BlackTeamCountry "GER"]

1. e4 e6 2. d3 d5 3. Nd2 Nf6 4. Ngf3 Be7 5. g3 0-0 6. Bg2 c5 7. 0-0 Nc6 8. Re1 Qc7 9. Qe2 Re8 10. e5 Nd7 11. Nf1 f6 12. exf6 Bxf6 13. Ne3 Re7 14. Ng4 Nf8 15. Bg5 Bxg5 16. Nxg5 h6 17. Nf3 Ng6 18. Nge5 Ncxe5 19. Nxe5 Nxe5 20. Qxe5 Qxe5 21. Rxe5 Rf7 22. c4 dxc4 23. dxc4 Rc7 24. Rd1 Bd7 25. f4 Rf8 26. Bh3 Rf6 27. Kf2 b6 28. Rxd7 Rxd7 29. Bxe6+ Rxe6 30. Rxe6 Kf7 31. Re2 Rd3 32. Kg2 Kf6 33. Kh3 g6 34. b3 a5 35. Kg4 h5+ 36. Kh4 Rd4 37. Kh3 Rd3 38. Kg2 Kf7 39. Kh3 Kf6 40. Kg2 Kf7 41. Kf2 Kf6 42. Ke1 Rd6 43. Re5 Rd4 44. Ke2 a4 45. Rd5 Rxd5 46. cxd5 axb3 47. axb3 Ke7 48. Kd3 b5 49. h3 Kd6 50. Ke4 c4 51. bxc4 bxc4 52. Kd4 c3 53. Kxc3 Kxd5 54. Kd3 Kd6 55. Kd4 Ke6 56. Ke4 Kf6 57. g4 hxg4 58. hxg4 Ke6 59. Kd4 Kd6 60. Kc4 Kc6 61. Kd4 Kd6 62. Ke4 Ke6 63. g5 Kf7 64. Kd5 Ke7 65. Ke5 Kf7 66. Kd6 Kf8 67. Ke6 Kg7 68. Ke7 Kg8 69. Kf6 Kh7 70. Kf7 Kh8 71. Kxg6 1-0

[Event "Regionalliga SW 0102"]
[Site "Bayern"]
[Date "2001.10.07"]
[Round "1.5"]
[White "Volshanik, Leonid"]
[Black "Schulze, Hubertus"]
[Result "1/2-1/2"]
[WhiteElo "2030"]
[BlackElo "2105"]
[PlyCount "105"]
[EventDate "2001.10.07"]
[EventType "team"]
[EventRounds "9"]
[EventCountry "GER"]
[SourceTitle "EXT 2003"]
[Source "ChessBase"]
[SourceDate "2002.11.25"]
[SourceVersion "1"]
[SourceVersionDate "2002.11.25"]
[SourceQuality "1"]
[WhiteTeam "Muenchen 77"]
[BlackTeam "Muenchen Tarrasch"]
[WhiteTeamCountry "GER"]
[BlackTeamCountry "GER"]

1. d4 f5 2. e4 fxe4 3. Nc3 Nf6 4. f3 e3 5. Bxe3 e6 6. Bd3 b6 7. Nge2 Nc6 8. a3 Bb7 9. Qd2 Qe7 10. 0-0-0 0-0-0 11. Ng3 Qf7 12. Qe2 Ne7 13. Ba6 Nfd5 14. Bxb7+ Kxb7 15. Bd2 Nxc3 16. Bxc3 Nd5 17. Bd2 Bd6 18. Qe4 c6 19. Ne2 Rdf8 20. c4 Nf4 21. Nxf4 Bxf4 22. Bxf4 Qxf4+ 23. Qxf4 Rxf4 24. b3 g5 25. Rd3 Rhf8 26. Re1 g4 27. Ree3 R8f6 28. Re4 gxf3 29. Rxf4 Rxf4 30. Rxf3 Rxf3 31. gxf3 c5 32. dxc5 bxc5 33. Kd2 a5 34. Ke3 d5 35. cxd5 exd5 36. Kf4 Kc6 37. Ke5 d4 38. Ke4 Kd6 39. b4 axb4 40. axb4 cxb4 41. Kxd4 h5 42. Kc4 Ke5 43. Kxb4 Kf4 44. Kc3 Kxf3 45. Kd3 h4 46. Kd2 Kf2 47. Kd1 h3 48. Kd2 Kf1 49. Ke3 Kg2 50. Ke2 Kxh2 51. Kf2 Kh1 52. Kf1 h2 53. Kf2 1/2-1/2

[Event "Regionalliga SW 0001"]
[Site "Bayern"]
[Date "2000.10.15"]
[Round "1.3"]
[White "Kisseliza, Juri"]
[Black "Volshanik, Leonid"]
[Result "1/2-1/2"]
[WhiteElo "2130"]
[BlackElo "2075"]
[PlyCount "93"]
[EventDate "2000.10.15"]
[EventType "team-tourn"]
[EventRounds "9"]
[EventCountry "GER"]
[SourceTitle "EXT 2020"]
[Source "ChessBase"]
[SourceDate "2019.10.17"]
[SourceVersion "1"]
[SourceVersionDate "2019.10.17"]
[SourceQuality "1"]
[WhiteTeam "Garching"]
[BlackTeam "Muenchen 77 Nord"]
[WhiteTeamCountry "GER"]
[BlackTeamCountry "GER"]

1. d4 Nf6 2. e3 e6 3. Bd3 d5 4. Nd2 Bd6 5. f4 b6 6. Qe2 Bb7 7. Ngf3 Qe7 8. c3 Nbd7 9. b4 c5 10. bxc5 bxc5 11. Ne5 0-0 12. 0-0 Ne4 13. Nxe4 dxe4 14. Bb5 Nb6 15. Rb1 Nd5 16. Bd2 f5 17. Rb2 Qc7 18. Rc1 Bxe5 19. dxe5 Rab8 20. Rcb1 Ba8 21. a4 Rb7 22. c4 Ne7 23. a5 Rd8 24. Be1 Nc6 25. a6 Rbb8 26. Rd1 Rxd1 27. Qxd1 Rd8 28. Rd2 Rxd2 29. Qxd2 Qd8 30. Qxd8+ Nxd8 31. Ba5 Nc6 32. Bc7 Kf7 33. Bd6 Ke8 34. Bxc5 Kd8 35. Bxc6 Bxc6 36. Bxa7 Kc7 37. h3 h5 38. g4 hxg4 39. hxg4 g6 40. Kf2 Kd7 41. gxf5 gxf5 42. Ke1 Kc7 43. Kd2 Bd7 44. Bd4 Bc8 45. a7 Bb7 46. Kc3 Kc6 47. Kb4 1/2-1/2